Loreto College Library, Kolkata
WEBOPAC (ONLINE PUBLIC ACCESS CATALOGUE)

Educational and Social Research, (Record no. 3802)

MARC details
000 -LEADER
fixed length control field 00600nam a2200205Ia 4500
005 - DATE AND TIME OF LATEST TRANSACTION
control field 20240209112343.0
008 - FIXED-LENGTH DATA ELEMENTS--GENERAL INFORMATION
fixed length control field 131103s9999 xx 000 0 und d
040 ## - CATALOGING SOURCE
Original cataloging agency Loreto College
041 ## - LANGUAGE CODE
Language code English
082 ## - DDC | ডিউই
Classification number | বর্গসংখ্যা 370.7
Book Number | গ্রন্থাঙ্ক ADI
100 ## - MAIN ENTRY--PERSONAL NAME | মুখ্য সংলেখ - ব্যাক্তিনাম
Personal name | ব্যাক্তিনাম Adiseshiah,W.T.V.
245 ## - TITLE STATEMENT | অাখ্যা বিবরণী
Title | অাখ্যা Educational and Social Research,
Statement of responsibility | লেখকের দায়িত্বের বিবরণ W.T.V.Adiseshiah and Sulochana Sekhar
260 ## - IMPRINT | প্রকাশনা ক্ষেত্র
Place of publication | প্রকাশ স্থান Coimbator
Name of publisher | প্রকাশকের নাম Velan Pathippagam
Date of publication | প্রকাশ কাল 1977
300 ## - PHYSICAL DESCRIPTION |
Page / Vol. No | পৃষ্ঠা / খন্ড সংখ্যা iii,277 p.
Other physical details | অনান্য বাহ্যিক বিবরণ ill.,fig.10 cm.
504 ## - BIBLIOGRAPHY, ETC. NOTE
Bibliography, etc Includes index
650 ## - SUBJECT ADDED ENTRY--TOPICAL TERM | বিষয় শিরোনাম - মূল বিষয়
Topical term | মূল বিষয় Education, Research and Related topics
700 ## - ADDED ENTRY--PERSONAL NAME | অতিরিক্ত সংলেখ - ব্
Personal name | ব্যাক্তিনাম Sekhar,Sulochana
850 ## - HOLDING INSTITUTION
Holding institution LCLIB
942 ## - ADDED ENTRY ELEMENTS (KOHA)
Koha item type Books
Holdings
Withdrawn status Lost status Source of classification Damaged status Not for loan Home library Current library Date acquired Total Checkouts Full call number Accession No. Date last seen Price effective from Koha item type Coded location qualifier
    Dewey Decimal Classification     Loreto College Loreto College 04/11/2013   370.7 ADI 24963 B3669 04/11/2013 04/11/2013 Books